| 000 | 01111nam a2200313 a 4500 | ||
|---|---|---|---|
| 001 | 28447 | ||
| 003 | BD-RjUL | ||
| 005 | 20211209051302.0 | ||
| 008 | 140330t1966 enkaf b 001 0 eng d | ||
| 020 | _a071001645X | ||
| 035 | _a(BD-RjUL)28528 | ||
| 040 |
_aIDK _cIDK _dm/c _dBD-RjUL _beng |
||
| 041 | 1 |
_aeng _hger |
|
| 082 | 0 | 4 |
_a131 _bJUP 1966 |
| 090 |
_aBF23 _b.J76 vol.16 |
||
| 100 | 1 |
_aJung, C. G. _q(Carl Gustav), _d1875-1961. _95179 |
|
| 245 | 1 | 4 |
_aThe practice of psychotherapy : _bessays on the psychology of the transference and other subjects / _cC.G. Jung ; translated by R.F.C. Hull |
| 250 | _a2nd edition rev. and augmented | ||
| 260 |
_aLondon : _bRoutledge & Kegan Paul, _c1966. |
||
| 300 |
_axiii, 393 p. : _bill ; _c24 cm |
||
| 490 | 1 |
_aThe collected works of C.G. Jung ; _vv. 16 |
|
| 504 | _ainclude Bibliographical reference and index. | ||
| 650 | 0 |
_aPsychotherapy _987109 |
|
| 650 | 0 |
_aTherapeutics, Suggestive _940695 |
|
| 650 | 0 |
_aTransference (Psychology) _987110 |
|
| 700 | 1 |
_aHull, R. F. C. _q(Richard Francis Carrington), _d1913-1974. _93300 |
|
| 942 |
_2ddc _cBK |
||
| 999 |
_c28447 _d28447 |
||